000 00788nam a2200229Ia 4500
008 130821s1958 sp gr spa
040 _aCo-BoUCM
_bspa
041 _aspa
100 1 _aLasso de La Vega, Javier
_9113039
245 1 0 _aCómo se hace una tesis doctoral manual de técnica de la documentación científica
_cJavier Lasso de la Vega
250 _a2a ed.
260 _aMadrid (España)
_bMayfé
_c1958
300 _a597 páginas
500 _aEjemplar No 3. Donación Dr. Álvaro Daza Roa.
650 0 4 _aElaboración de tesis
_913952
650 0 4 _aElaboración de tesis
_vNormas
_913952
650 0 4 _aInvestigación
_917968
650 0 4 _aMetodología
_919433
650 0 4 _aNormas
_920434
942 _cLIBRO
_a1
_e2
_mL17
_2DEWEY
_h043.02
999 _c9232
_d9232